[Event "ENCI Limburg-open C"]
[Site "Maastricht"]
[Date "2009.05.30"]
[Round "2"]
[White "Marcoen, Tom"]
[Black "Cox, Maud"]
[Result "1-0"]
[WhiteElo "1488"]
[BlackElo "1157"]
[PlyCount "75"]
[EventDate "2009.05.29"]
[EventType "swiss"]
[EventRounds "7"]
[EventCountry "NED"]
[Source "P.Boonen"]
[SourceDate "2010.01.01"]

1. e4 e5 2. Nf3 Nc6 3. d4 exd4 4. Bc4 Nf6 5. e5 d5 6. Bb5 Ne4 7. Nxd4 Bd7 8.
Bxc6 bxc6 9. O-O Bc5 10. f3 Ng5 11. f4 Ne6 12. Be3 O-O 13. c3 Bb6 14. Nc2 Nc5
15. Nd4 Ne4 16. Nd2 Bxd4 17. Bxd4 Bf5 18. Nxe4 Bxe4 19. Qg4 f5 20. exf6 Rxf6
21. Bxf6 Qxf6 22. Qd7 Qg6 23. Rf2 Rf8 24. Qxc7 Qg4 25. Qxc6 h6 26. Qd6 g5 27.
Qxh6 Rxf4 28. Raf1 Bd3 29. Rxf4 gxf4 30. Qxf4 Qg7 31. Rf3 Be4 32. Rg3 Bg6 33.
h4 Qf7 34. Qxf7+ Kxf7 35. Rxg6 Kxg6 36. g4 a6 37. Kf2 Kf6 38. Ke3 1-0

[Event "ENCI Limburg-open C"]
[Site "Maastricht"]
[Date "2009.05.30"]
[Round "2"]
[White "Ooms, Bart"]
[Black "Bokern, Peter"]
[Result "1-0"]
[WhiteElo "1739"]
[BlackElo "1388"]
[PlyCount "57"]
[EventDate "2009.05.29"]
[EventType "swiss"]
[EventRounds "7"]
[EventCountry "NED"]
[Source "P.Boonen"]
[SourceDate "2010.01.01"]

1. d4 Nf6 2. c4 g6 3. Nf3 Bg7 4. Nc3 d6 5. e4 O-O 6. Bd3 Ne8 7. O-O e5 8. Bg5
f6 9. Be3 Nc6 10. Qb3 f5 11. Bg5 Qd7 12. exf5 gxf5 13. dxe5 dxe5 14. c5+ Kh8
15. Rad1 Qe6 16. Bc4 Qg6 17. Nd5 Na5 18. Qb4 Nxc4 19. Qxc4 Be6 20. Qc1 Qf7 21.
Nc3 Bxa2 22. Nxa2 Qxa2 23. Rd7 e4 24. Nh4 Qxb2 25. Qf4 Qe5 26. Qd2 Bf6 27.
Bxf6+ Nxf6 28. Ng6+ hxg6 29. Qh6+ 1-0

[Event "ENCI Limburg-open C"]
[Site "Maastricht"]
[Date "2009.05.30"]
[Round "2"]
[White "Orbons, Richard"]
[Black "Sterck, Arno"]
[Result "1-0"]
[WhiteElo "1672"]
[BlackElo "1343"]
[PlyCount "41"]
[EventDate "2009.05.29"]
[EventType "swiss"]
[EventRounds "7"]
[EventCountry "NED"]
[Source "P.Boonen"]
[SourceDate "2010.01.01"]

1. Nf3 d5 2. d3 Nf6 3. g3 Nc6 4. Bg2 e5 5. O-O Bf5 6. Nc3 Bc5 7. Bg5 d4 8. Bxf6
Qxf6 9. Nd5 Qd6 10. Nd2 Be6 11. c4 b5 12. Ne4 Qd8 13. Nxc5 O-O 14. b3 a5 15.
Nf6+ Qxf6 16. Bxc6 Bh3 17. cxb5 Rad8 18. Re1 Rd6 19. Ne4 Qh6 20. Nxd6 cxd6 21.
Qc1 1-0

[Event "ENCI Limburg-open C"]
[Site "Maastricht"]
[Date "2009.05.30"]
[Round "2"]
[White "Ramaekers, Philippe"]
[Black "Mohamedjoesoef, Rafiek"]
[Result "0-1"]
[WhiteElo "1570"]
[BlackElo "1664"]
[PlyCount "74"]
[EventDate "2009.05.29"]
[EventType "swiss"]
[EventRounds "7"]
[EventCountry "NED"]
[Source "P.Boonen"]
[SourceDate "2010.01.01"]

1. e4 c5 2. Nf3 d6 3. d4 cxd4 4. Nxd4 Nf6 5. Nc3 g6 6. Be3 Bg7 7. f3 Nc6 8. Qd2
O-O 9. g4 h5 10. gxh5 Nxh5 11. Rg1 Nf6 12. Nf5 Ne5 13. Be2 gxf5 14. Rxg7+ Kxg7
15. Bh6+ Kh7 16. Bxf8 Qxf8 17. O-O-O Be6 18. Rg1 Qh6 19. Rg5 Rg8 20. f4 Neg4
21. exf5 Bd7 22. Nd5 Ne4 23. Qd4 Rxg5 24. Qxe4 Bxf5 25. fxg5 Bxe4 26. gxh6 Bxd5
27. Bxg4 Kxh6 28. h3 Kg5 29. Kd2 Kh4 30. b3 Be6 31. Bf3 b6 32. Kd3 Kxh3 33. Kc3
f5 34. Kb4 Bd7 35. Kc4 Kg3 36. Bb7 f4 37. Kb4 f3 0-1

[Event "ENCI Limburg-open C"]
[Site "Maastricht"]
[Date "2009.05.30"]
[Round "2"]
[White "Roemhild, Wolfgang"]
[Black "Van der Werff, Silvia"]
[Result "1-0"]
[WhiteElo "1648"]
[BlackElo "1259"]
[PlyCount "85"]
[EventDate "2009.05.29"]
[EventType "swiss"]
[EventRounds "7"]
[EventCountry "NED"]
[Source "P.Boonen"]
[SourceDate "2010.01.01"]

1. e4 d5 2. Nc3 dxe4 3. Nxe4 Bf5 4. Ng3 Bg6 5. Nf3 Nf6 6. Bc4 Nc6 7. c3 e6 8.
d4 Be7 9. O-O O-O 10. Re1 Re8 11. Bf4 Bd6 12. Ne5 Bxe5 13. Bxe5 Nxe5 14. Rxe5
Nd7 15. Re3 e5 16. d5 Nb6 17. Bb3 Qd6 18. c4 Qc5 19. Rc1 Rad8 20. Qe1 Qe7 21.
f4 e4 22. f5 Bxf5 23. Nxf5 Qf6 24. Qf2 h6 25. g4 Qg5 26. Rf1 Re5 27. Kh1 Nd7
28. Bc2 Nf6 29. h4 Qg6 30. Bd1 Nd7 31. b4 Qb6 32. a3 Qa6 33. Be2 Ree8 34. c5
Qf6 35. Qf4 g6 36. Nxh6+ Kh7 37. Qxf6 Nxf6 38. g5 Nxd5 39. Rxf7+ Kh8 40. Rh3
Rf8 41. h5 gxh5 42. g6 Rfe8 43. Rh7# 1-0

[Event "ENCI Limburg-open C"]
[Site "Maastricht"]
[Date "2009.05.30"]
[Round "2"]
[White "Schueller, Tobias"]
[Black "De Lange, Gerard"]
[Result "0-1"]
[WhiteElo "1597"]
[BlackElo "1668"]
[PlyCount "70"]
[EventDate "2009.05.29"]
[EventType "swiss"]
[EventRounds "7"]
[EventCountry "NED"]
[Source "P.Boonen"]
[SourceDate "2010.01.01"]

1. e4 e6 2. d4 d5 3. Nd2 c5 4. exd5 exd5 5. Ngf3 c4 6. Qe2+ Be6 7. g3 Nc6 8. c3
Be7 9. Bg2 Nf6 10. Nf1 Qd7 11. Bg5 Ne4 12. Bxe7 Qxe7 13. N3d2 Nf6 14. Ne3 O-O
15. b3 Rfe8 16. O-O Bf5 17. bxc4 dxc4 18. Qxc4 Be6 19. Qd3 Rad8 20. Ne4 Nxe4
21. Bxe4 g6 22. Bg2 Qa3 23. Rfb1 Nxd4 24. Nc4 Qc5 25. cxd4 Rxd4 26. Qb3 Rxc4
27. Qxb7 Rc2 28. Qf3 Bf5 29. Rb7 Rc1+ 30. Rxc1 Qxc1+ 31. Bf1 Re1 32. Rb8+ Kg7
33. Qf4 Rxf1+ 34. Kg2 Rg1+ 35. Kf3 Qd1+ 0-1

[Event "ENCI Limburg-open C"]
[Site "Maastricht"]
[Date "2009.05.30"]
[Round "2"]
[White "Sharifi Shamili, Ashkan"]
[Black "Heman, Frans"]
[Result "1-0"]
[WhiteElo "1653"]
[BlackElo "1538"]
[PlyCount "31"]
[EventDate "2009.05.29"]
[EventType "swiss"]
[EventRounds "7"]
[EventCountry "NED"]
[Source "P.Boonen"]
[SourceDate "2010.01.01"]

1. e4 e6 2. d4 c5 3. c3 a6 4. Be3 cxd4 5. cxd4 Nf6 6. Nc3 Bb4 7. Bd3 d6 8. a3
Bxc3+ 9. bxc3 O-O 10. Nf3 b5 11. Qc2 g6 12. Bg5 Nbd7 13. e5 dxe5 14. dxe5 Nxe5
15. Nxe5 Kg7 16. Ng4 1-0

[Event "ENCI Limburg-open C"]
[Site "Maastricht"]
[Date "2009.05.30"]
[Round "2"]
[White "Swijsen, Willy"]
[Black "Tuerlinckx, Ben"]
[Result "0-1"]
[WhiteElo "1196"]
[BlackElo "1628"]
[PlyCount "84"]
[EventDate "2009.05.29"]
[EventType "swiss"]
[EventRounds "7"]
[EventCountry "NED"]
[Source "P.Boonen"]
[SourceDate "2010.01.01"]

1. d4 f5 2. Nf3 Nf6 3. e3 e6 4. Bd3 Be7 5. b3 O-O 6. Bb2 d6 7. O-O Qe8 8. Nbd2
Nc6 9. a3 Bd8 10. c4 e5 11. Nh4 e4 12. d5 Ne5 13. Bxe5 dxe5 14. Bc2 g5 15. Nxf5
Bxf5 16. Qb1 Qg6 17. f3 Be7 18. g4 Bd7 19. Nxe4 Nxe4 20. Bxe4 Qh6 21. Qc2 Bc5
22. Qc3 Rae8 23. b4 Be7 24. c5 Qh4 25. c6 bxc6 26. dxc6 Bc8 27. Rad1 Bd6 28.
Rd5 Re6 29. Qc4 Kh8 30. Rf2 Rh6 31. Kf1 Bxg4 32. Ke2 Bf5 33. Qc2 Bxe4 34. Qxe4
Qxe4 35. fxe4 Rxf2+ 36. Kxf2 Rxh2+ 37. Kg3 Rc2 38. Kg4 Rxc6 39. Kxg5 Ra6 40.
Rb5 Kg7 41. Rb8 Rxa3 42. Rd8 Be7+ 0-1

[Event "ENCI Limburg-open C"]
[Site "Maastricht"]
[Date "2009.05.30"]
[Round "2"]
[White "Tutenel, Eric"]
[Black "Bokern, Paul"]
[Result "0-1"]
[WhiteElo "1674"]
[BlackElo "1358"]
[PlyCount "50"]
[EventDate "2009.05.29"]
[EventType "swiss"]
[EventRounds "7"]
[EventCountry "NED"]
[Source "P.Boonen"]
[SourceDate "2010.01.01"]

1. e4 e6 2. d4 d5 3. exd5 exd5 4. c4 dxc4 5. Bxc4 Nc6 6. Ne2 Bd6 7. O-O Nf6 8.
Nbc3 O-O 9. Qd3 Ng4 10. Ng3 Qh4 11. h3 Nf6 12. Nce4 Nxe4 13. Nxe4 Bf5 14. Re1
Rae8 15. Bg5 Qh5 16. Nf6+ gxf6 17. Qxf5 Qxg5 18. Qd7 Rd8 19. Bxf7+ Rxf7 20.
Re8+ Rf8 21. Qe6+ Kg7 22. Rxf8 Rxf8 23. Re1 Nxd4 24. Qd7+ Rf7 25. Qe8 Nf3+ 0-1

[Event "ENCI Limburg-open C"]
[Site "Maastricht"]
[Date "2009.05.30"]
[Round "2"]
[White "Van Herck, Raf"]
[Black "Haitsma, Henk"]
[Result "1-0"]
[WhiteElo "1625"]
[BlackElo "1673"]
[PlyCount "49"]
[EventDate "2009.05.29"]
[EventType "swiss"]
[EventRounds "7"]
[EventCountry "NED"]
[Source "P.Boonen"]
[SourceDate "2010.01.01"]

1. e4 d6 2. d4 g6 3. f4 Bg7 4. Nf3 a6 5. Nc3 b6 6. Be3 Bb7 7. e5 d5 8. Bd3 e6
9. g4 h6 10. Qd2 Ne7 11. O-O-O Nd7 12. h4 c5 13. h5 c4 14. Be2 b5 15. hxg6 fxg6
16. f5 gxf5 17. Bxh6 Bxh6 18. Rxh6 Rxh6 19. Qxh6 Nf8 20. Ng5 Qd7 21. gxf5 O-O-O
22. fxe6 Qc6 23. Nf7 Qb6 24. Nxd8 Qxd8 25. Rf1 1-0

[Event "ENCI Limburg-open C"]
[Site "Maastricht"]
[Date "2009.05.30"]
[Round "2"]
[White "Van Herck, Rob"]
[Black "Akkerboom, Hans"]
[Result "1-0"]
[WhiteElo "1535"]
[BlackElo "1255"]
[PlyCount "59"]
[EventDate "2009.05.29"]
[EventType "swiss"]
[EventRounds "7"]
[EventCountry "NED"]
[Source "P.Boonen"]
[SourceDate "2010.01.01"]

1. e4 Nf6 2. e5 Nd5 3. d4 d6 4. f4 Bf5 5. Bc4 e6 6. Nf3 Nd7 7. O-O Be7 8. h3
N5b6 9. Bb3 c5 10. Qe2 d5 11. c3 c4 12. Bc2 Bxc2 13. Qxc2 O-O 14. f5 Re8 15.
Nh2 Bg5 16. Na3 a6 17. Qf2 Bxc1 18. Raxc1 exf5 19. Qxf5 Qe7 20. Ng4 Qe6 21. Qg5
Qg6 22. Qf4 Nf8 23. Rf3 Ne6 24. Qe3 Qg5 25. Nf6+ gxf6 26. Rg3 Qxg3 27. Qxg3+
Kh8 28. exf6 Nd7 29. Rf1 Rg8 30. Qd6 1-0

[Event "ENCI Limburg-open C"]
[Site "Maastricht"]
[Date "2009.05.30"]
[Round "2"]
[White "Van Leeuwen, Jan"]
[Black "Liston, Mike"]
[Result "0-1"]
[WhiteElo "1612"]
[BlackElo "1670"]
[PlyCount "74"]
[EventDate "2009.05.29"]
[EventType "swiss"]
[EventRounds "7"]
[EventCountry "NED"]
[Source "P.Boonen"]
[SourceDate "2010.01.01"]

1. d4 Nf6 2. Nf3 g6 3. e3 Bg7 4. Bd3 O-O 5. O-O d5 6. Re1 Nbd7 7. Nbd2 c5 8. c3
c4 9. Bc2 b5 10. e4 dxe4 11. Nxe4 Bb7 12. Bg5 Nxe4 13. Bxe4 Bxe4 14. Rxe4 f6
15. Bd2 f5 16. Re6 Nf6 17. Ng5 Qd7 18. f3 h6 19. Qe2 hxg5 20. Rxe7 Rfe8 21. Re1
Rxe7 22. Qxe7 Qxe7 23. Rxe7 g4 24. Bf4 Nd5 25. Rxg7+ Kxg7 26. Be5+ Kf7 27. Kf2
gxf3 28. Kxf3 b4 29. cxb4 Nxb4 30. a3 Nd3 31. Bg3 Nxb2 32. Be1 Rc8 33. Bc3 Na4
34. Bd2 c3 35. Bc1 c2 36. Ke2 Nc3+ 37. Kd3 Na2 0-1

[Event "ENCI Limburg-open C"]
[Site "Maastricht"]
[Date "2009.05.30"]
[Round "2"]
[White "Visse, Bernard"]
[Black "De Lange, Marieke"]
[Result "1-0"]
[WhiteElo "1668"]
[BlackElo "1292"]
[PlyCount "41"]
[EventDate "2009.05.29"]
[EventType "swiss"]
[EventRounds "7"]
[EventCountry "NED"]
[Source "P.Boonen"]
[SourceDate "2010.01.01"]

1. Nf3 d5 2. g3 Nc6 3. Bg2 Bf5 4. d3 e5 5. O-O Nf6 6. Nbd2 Bc5 7. c4 h6 8. Nb3
Qd6 9. cxd5 Nxd5 10. e4 Bh7 11. exd5 Qxd5 12. Nxe5 Qxe5 13. Re1 Qxe1+ 14. Qxe1+
Be7 15. Nc5 O-O 16. Be3 Rfe8 17. Na6 Bd6 18. Bxc6 bxc6 19. Qc3 Be5 20. d4 Bf6
21. Nxc7 1-0

[Event "ENCI Limburg-open C"]
[Site "Maastricht"]
[Date "2009.05.30"]
[Round "2"]
[White "Vissers, Yorrick"]
[Black "Geene, Joris"]
[Result "1-0"]
[WhiteElo "1670"]
[BlackElo "1210"]
[PlyCount "25"]
[EventDate "2009.05.29"]
[EventType "swiss"]
[EventRounds "7"]
[EventCountry "NED"]
[Source "P.Boonen"]
[SourceDate "2010.01.01"]

1. e4 e5 2. Nf3 Nc6 3. d4 f6 4. Bc4 d6 5. h3 f5 6. exf5 Bxf5 7. Nc3 Nf6 8. O-O
Ne4 9. Nxe4 Bxe4 10. Ng5 Bf5 11. Nf7 Qd7 12. Nxh8 d5 13. Bb5 1-0

[Event "ENCI Limburg-open C"]
[Site "Maastricht"]
[Date "2009.05.30"]
[Round "2"]
[White "Weerts, Rene"]
[Black "Van Steenwinckel, Hugo"]
[Result "1-0"]
[WhiteElo "1556"]
[BlackElo "1658"]
[PlyCount "93"]
[EventDate "2009.05.29"]
[EventType "swiss"]
[EventRounds "7"]
[EventCountry "NED"]
[Source "P.Boonen"]
[SourceDate "2010.01.01"]

1. d4 d5 2. Nf3 Nf6 3. Bg5 e6 4. Nbd2 Be7 5. e3 O-O 6. Bd3 Nbd7 7. Ne5 c5 8. c3
Nxe5 9. dxe5 Nd7 10. Bxe7 Qxe7 11. O-O Nxe5 12. Bxh7+ Kxh7 13. Qh5+ Kg8 14.
Qxe5 f6 15. Qh5 e5 16. Nf3 Be6 17. Nh4 Bf7 18. Qf5 Be6 19. Ng6 Qe8 20. Qh5 Rd8
21. f4 e4 22. f5 Bc8 23. Rf4 d4 24. Qh8+ Kf7 25. Qh5 Kg8 26. Rd1 d3 27. Rg4 d2
28. Qh8+ Kf7 29. Ne5+ Ke7 30. Qxg7+ Kd6 31. Nc4+ Kc6 32. Rg6 Bxf5 33. Rxf6+
Rxf6 34. Qxf6+ Be6 35. a4 Kc7 36. Qe5+ Kc6 37. Qxe4+ Kc7 38. Qf4+ Kc6 39. Na5+
Kb6 40. b4 Qxa4 41. bxc5+ Kxa5 42. Qc7+ b6 43. Qxa7+ Kb5 44. Qxb6+ Kc4 45.
Qxe6+ Kd3 46. Qg6+ Qe4 47. Rxd2+ 1-0

[Event "ENCI Limburg-open C"]
[Site "Maastricht"]
[Date "2009.05.30"]
[Round "2"]
[White "Zalewski, Arkadiusz"]
[Black "Reyskens, Jules"]
[Result "0-1"]
[WhiteElo "1414"]
[BlackElo "1642"]
[PlyCount "62"]
[EventDate "2009.05.29"]
[EventType "swiss"]
[EventRounds "7"]
[EventCountry "NED"]
[Source "P.Boonen"]
[SourceDate "2010.01.01"]

1. e4 e5 2. Nf3 Nc6 3. Bb5 a6 4. Ba4 d6 5. d4 b5 6. Bb3 Nxd4 7. Nxd4 exd4 8.
Qxd4 c5 9. Qd5 Be6 10. Qc6+ Bd7 11. Bxf7+ Kxf7 12. Qd5+ Ke8 13. O-O Nf6 14. Qd3
Be7 15. Re1 Kf8 16. e5 dxe5 17. Rxe5 Qc7 18. Re1 Bd6 19. g3 c4 20. Qd4 Re8 21.
Rd1 Bc5 22. Qf4 Qxf4 23. Bxf4 Bh3 24. Nc3 Kf7 25. Re1 Rxe1+ 26. Rxe1 Re8 27.
Be3 Bxe3 28. fxe3 Rd8 29. Re2 b4 30. Na4 Rd1+ 31. Kf2 Rf1# 0-1

[Event "ENCI Limburg-open C"]
[Site "Maastricht"]
[Date "2009.05.30"]
[Round "3"]
[White "Akkerboom, Hans"]
[Black "Chotoe, Henry"]
[Result "1-0"]
[WhiteElo "1255"]
[BlackElo "1416"]
[PlyCount "78"]
[EventDate "2009.05.29"]
[EventType "swiss"]
[EventRounds "7"]
[EventCountry "NED"]
[Source "P.Boonen"]
[SourceDate "2010.01.01"]

1. e4 e5 2. f4 exf4 3. Nf3 Be7 4. Bc4 Bh4+ 5. Kf1 d6 6. d4 Nc6 7. Bxf4 Na5 8.
Be2 b6 9. Nbd2 Be7 10. d5 Bd7 11. b4 Nb7 12. a4 a5 13. b5 Nc5 14. Bd3 g5 15.
Be3 g4 16. Nd4 Nxd3 17. cxd3 Bg5 18. Nc2 Qf6+ 19. Ke2 Bxe3 20. Nxe3 Qg6 21. Qf1
h5 22. Qf4 Nh6 23. Raf1 Rf8 24. Qf6 Qxf6 25. Rxf6 Ng8 26. Rf4 O-O-O 27. Rhf1
Nh6 28. Nb3 Rde8 29. Nd4 g3 30. hxg3 Bg4+ 31. Nxg4 hxg4 32. Nf5 Nxf5 33. Rxf5
Re7 34. R1f4 Rh8 35. Rxf7 Rxf7 36. Rxf7 Rg8 37. Kf2 Kd8 38. Rf4 Ke8 39. Ke3 Rf8
{Tijdsoverschrijding} 1-0

[Event "ENCI Limburg-open C"]
[Site "Maastricht"]
[Date "2009.05.30"]
[Round "3"]
[White "Beukema, Chris"]
[Black "De Ridder, Naomi"]
[Result "0-1"]
[WhiteElo "862"]
[BlackElo "1400"]
[PlyCount "66"]
[EventDate "2009.05.29"]
[EventType "swiss"]
[EventRounds "7"]
[EventCountry "NED"]
[Source "P.Boonen"]
[SourceDate "2010.01.01"]

1. e4 e5 2. Nf3 Nc6 3. Bc4 Nf6 4. Nc3 Nxe4 5. Nxe4 d5 6. Bxd5 Qxd5 7. Nc3 Qd8
8. d3 Bg4 9. h3 Bh5 10. g4 Bg6 11. Qe2 f6 12. Be3 Bb4 13. Qd2 Nd4 14. Nh2 Qd6
15. O-O-O Qc6 16. a3 Bxc3 17. Qxc3 Ne2+ 18. Kd2 Nxc3 19. bxc3 O-O-O 20. Rhg1 e4
21. Ke2 exd3+ 22. Rxd3 Bxd3+ 23. cxd3 Qxc3 24. Rd1 Qxa3 25. Rd2 Rhe8 26. Nf3 b5
27. Kf1 b4 28. Nd4 Rxd4 29. Bxd4 Qc1+ 30. Kg2 Qxd2 31. Bxa7 b3 32. Bd4 b2 33.
Bxb2 Qxb2 0-1

[Event "ENCI Limburg-open C"]
[Site "Maastricht"]
[Date "2009.05.30"]
[Round "3"]
[White "Bex, Lennert"]
[Black "Schueller, Tobias"]
[Result "0-1"]
[WhiteElo "1249"]
[BlackElo "1597"]
[PlyCount "104"]
[EventDate "2009.05.29"]
[EventType "swiss"]
[EventRounds "7"]
[EventCountry "NED"]
[Source "P.Boonen"]
[SourceDate "2010.01.01"]

1. d4 e5 2. e3 exd4 3. exd4 d5 4. c4 Nf6 5. Nc3 dxc4 6. Bxc4 Bd6 7. Nf3 O-O 8.
O-O Nbd7 9. Be3 Nb6 10. Bb3 Bg4 11. h3 Bh5 12. d5 Nfd7 13. Bc2 h6 14. Qd3 Bg6
15. Qe2 Bxc2 16. Qxc2 Nf6 17. Bxb6 axb6 18. Rfd1 Re8 19. Nb5 Ra5 20. Nxd6 Qxd6
21. Nd4 Rxd5 22. Nb5 Qc5 23. Qxc5 Rxc5 24. Nd4 Rd8 25. Nb3 Rxd1+ 26. Rxd1 Rc2
27. Rd2 Rxd2 28. Nxd2 Kf8 29. Kf1 Ke7 30. Ke2 b5 31. Kd3 Ke6 32. b4 Kd5 33. f3
Nh5 34. Ke3 g5 35. g4 Nf4 36. h4 Ng2+ 37. Kf2 Nxh4 38. Kg3 f5 39. f4 fxg4 40.
Kxg4 Ng2 41. fxg5 hxg5 42. Kxg5 Ne3 43. Nb1 Nc2 44. a3 Kc4 45. Kf5 Kb3 46. Ke6
Nxa3 47. Nd2+ Kxb4 48. Ke5 c5 49. Ke4 c4 50. Nxc4 bxc4 51. Ke3 Kb3 52. Kd2 Kb2
0-1

[Event "ENCI Limburg-open C"]
[Site "Maastricht"]
[Date "2009.05.30"]
[Round "3"]
[White "Bokern, Paul"]
[Black "Boer, Jan"]
[Result "0-1"]
[WhiteElo "1358"]
[BlackElo "1663"]
[PlyCount "56"]
[EventDate "2009.05.29"]
[EventType "swiss"]
[EventRounds "7"]
[EventCountry "NED"]
[Source "P.Boonen"]
[SourceDate "2010.01.01"]

1. e4 c5 2. Nf3 Nc6 3. d4 cxd4 4. Nxd4 Nf6 5. Nc3 e6 6. Be3 Bb4 7. Ndb5 Nxe4 8.
Qg4 Nf6 9. Qxg7 Rg8 10. Qh6 Rg6 11. Qh4 a6 12. Nd4 Qa5 13. Bd2 Qe5+ 14. Be3 Rg4
15. Nf3 Bxc3+ 16. Ke2 Qb5+ 17. Kd1 Qd5+ 18. Bd3 Rxh4 19. Nxh4 Bxb2 20. Rb1 Qxa2
21. Ke2 Nb4 22. Nf3 Nxd3 23. Kxd3 Qd5+ 24. Ke2 Ne4 25. Rxb2 Nc3+ 26. Kf1 Qd1+
27. Ne1 Qe2+ 28. Kg1 Qxe1# 0-1

[Event "ENCI Limburg-open C"]
[Site "Maastricht"]
[Date "2009.05.30"]
[Round "3"]
[White "Bokern, Peter"]
[Black "Ingelaere, Arthur"]
[Result "1-0"]
[WhiteElo "1388"]
[BlackElo "1188"]
[PlyCount "41"]
[EventDate "2009.05.29"]
[EventType "swiss"]
[EventRounds "7"]
[EventCountry "NED"]
[Source "P.Boonen"]
[SourceDate "2010.01.01"]

1. e4 c5 2. Nf3 Nc6 3. d4 cxd4 4. Nxd4 g6 5. Nc3 Bg7 6. Be3 Nf6 7. f3 O-O 8.
Qd2 d6 9. O-O-O Bd7 10. h4 Qc7 11. Be2 a6 12. h5 Nxh5 13. Bh6 Ng3 14. Bxg7
Nxe2+ 15. Ncxe2 Nxd4 16. Bxd4 Rac8 17. Rxh7 e5 18. Rdh1 exd4 19. Rh8+ Kg7 20.
Qxd4+ f6 21. R1h7# 1-0

[Event "ENCI Limburg-open C"]
[Site "Maastricht"]
[Date "2009.05.30"]
[Round "3"]
[White "Callebaut, Angie"]
[Black "Houben, Niels"]
[Result "1-0"]
[WhiteElo "698"]
[BlackElo "1243"]
[PlyCount "55"]
[EventDate "2009.05.29"]
[EventType "swiss"]
[EventRounds "7"]
[EventCountry "NED"]
[Source "P.Boonen"]
[SourceDate "2010.01.01"]

1. e4 e6 2. Nf3 Nf6 3. Nc3 d5 4. e5 Nfd7 5. Bb5 a6 6. Ba4 b5 7. Bb3 c5 8. a3
Nc6 9. d4 cxd4 10. Bg5 Qb6 11. Ne2 Bc5 12. Nf4 Ndxe5 13. Nxe5 Nxe5 14. Qe2 h6
15. Bh4 g5 16. Bg3 gxf4 17. Bh4 Ng6 18. Qh5 Qa5+ 19. Kd1 Bb7 20. Bf6 Rh7 21. c3
dxc3 22. bxc3 Bxf2 23. Bc2 f3 24. gxf3 Rc8 25. Bxg6 fxg6 26. Qxg6+ Rf7 27. Qg8+
Rf8 28. Qxe6# 1-0

[Event "ENCI Limburg-open C"]
[Site "Maastricht"]
[Date "2009.05.30"]
[Round "3"]
[White "Callebaut, Giovanni"]
[Black "Arns, Danny"]
[Result "0-1"]
[WhiteElo "1052"]
[BlackElo "1438"]
[PlyCount "54"]
[EventDate "2009.05.29"]
[EventType "swiss"]
[EventRounds "7"]
[EventCountry "NED"]
[Source "P.Boonen"]
[SourceDate "2010.01.01"]

1. d4 Nf6 2. c4 g6 3. b3 d5 4. Nc3 Bg7 5. Bf4 dxc4 6. bxc4 c6 7. e4 O-O 8. Bd3
Qxd4 9. Nge2 Qd7 10. Qd2 Rd8 11. Rd1 Na6 12. O-O Nc5 13. e5 Nh5 14. e6 Qxe6 15.
Bc7 Rxd3 16. Nf4 Rxd2 17. Nxe6 Rxd1 18. Rxd1 Bxe6 19. g3 Bxc3 20. Rc1 Rc8 21.
Bb6 axb6 22. Rxc3 Rd8 23. Rc1 Bg4 24. Re1 Rd1 25. Rxd1 Bxd1 26. Kg2 b5 27. cxb5
cxb5 0-1

[Event "ENCI Limburg-open C"]
[Site "Maastricht"]
[Date "2009.05.30"]
[Round "3"]
[White "Chappin, Rene"]
[Black "Sharifi Shamili, Ashkan"]
[Result "0-1"]
[WhiteElo "1632"]
[BlackElo "1653"]
[PlyCount "92"]
[EventDate "2009.05.29"]
[EventType "swiss"]
[EventRounds "7"]
[EventCountry "NED"]
[Source "P.Boonen"]
[SourceDate "2010.01.01"]

1. f4 d6 2. Nf3 g6 3. e3 Bg7 4. Bb5+ c6 5. Be2 Nf6 6. Nc3 O-O 7. O-O b5 8. Qe1
a5 9. Nd1 Ba6 10. b3 c5 11. Bb2 Nc6 12. a3 Qd7 13. Kh1 Rfb8 14. d3 d5 15. Ne5
Qc8 16. Nxc6 Qxc6 17. Be5 Rb7 18. Bf3 Ne8 19. Bxg7 Nxg7 20. Qxa5 b4 21. axb4
Rxb4 22. Qa2 Rbb8 23. Qb2 e6 24. Qc3 Qd6 25. Qd2 Bb7 26. Nc3 Qd7 27. Na4 Qb5
28. Nb2 Nf5 29. Rxa8 Rxa8 30. g3 d4 31. Bxb7 Qxb7+ 32. e4 Ne3 33. Rc1 f5 34.
Kg1 fxe4 35. Na4 Rc8 36. Nb2 exd3 37. Nxd3 Qd5 38. c4 Qb7 39. Rb1 Nxc4 40. Qg2
Qb6 41. Ne5 Nxe5 42. fxe5 c4 43. Ra1 Qxb3 44. Rf1 Qe3+ 45. Kh1 Qxe5 46. Qb7
Qd5+ 0-1

[Event "ENCI Limburg-open C"]
[Site "Maastricht"]
[Date "2009.05.30"]
[Round "3"]
[White "De Lange, Gerard"]
[Black "Van Herck, Raf"]
[Result "1-0"]
[WhiteElo "1668"]
[BlackElo "1625"]
[PlyCount "99"]
[EventDate "2009.05.29"]
[EventType "swiss"]
[EventRounds "7"]
[EventCountry "NED"]
[Source "P.Boonen"]
[SourceDate "2010.01.01"]

1. d4 d5 2. c4 c6 3. Nc3 Bf5 4. Bf4 e6 5. Nf3 Bd6 6. Be5 Bxe5 7. Nxe5 Nd7 8.
cxd5 Nxe5 9. dxe5 cxd5 10. Qa4+ Qd7 11. Nb5 Nh6 12. Nc7+ Kd8 13. Qxd7+ Kxd7 14.
Nxa8 Rxa8 15. Rc1 Ng4 16. f4 Ne3 17. h3 Be4 18. Kf2 Nc4 19. b3 Na3 20. e3 a6
21. Be2 Rc8 22. Rxc8 Kxc8 23. Rc1+ Kd7 24. Bf3 Bxf3 25. Kxf3 Nb5 26. a4 Nc7 27.
b4 b6 28. g4 Ne8 29. f5 Nc7 30. Kf4 d4 31. exd4 Nd5+ 32. Ke4 Nxb4 33. h4 Nd5
34. g5 g6 35. fxg6 hxg6 36. a5 b5 37. Kf3 Ne7 38. Kg4 Nc6 39. h5 gxh5+ 40. Kxh5
Nxa5 41. Ra1 Nc6 42. Rxa6 b4 43. Ra1 Ke7 44. Rb1 Nxd4 45. Rxb4 Nf5 46. Rb7+ Kf8
47. g6 fxg6+ 48. Kxg6 Ke8 49. Kf6 Nd4 50. Rb1 1-0

[Event "ENCI Limburg-open C"]
[Site "Maastricht"]
[Date "2009.05.30"]
[Round "3"]
[White "De Lange, Marieke"]
[Black "Tutenel, Eric"]
[Result "0-1"]
[WhiteElo "1292"]
[BlackElo "1674"]
[PlyCount "56"]
[EventDate "2009.05.29"]
[EventType "swiss"]
[EventRounds "7"]
[EventCountry "NED"]
[Source "P.Boonen"]
[SourceDate "2010.01.01"]

1. e4 e5 2. Bc4 Nf6 3. Nc3 Nc6 4. Nf3 Nxe4 5. O-O Nxc3 6. bxc3 d6 7. d4 Be7 8.
d5 Nb8 9. Re1 Bg4 10. h3 Bh5 11. Bb5+ Nd7 12. Rb1 Rb8 13. Ba3 O-O 14. c4 f5 15.
Qd3 e4 16. Qe3 Bxf3 17. gxf3 Bg5 18. Qxa7 Ra8 19. Qd4 Rxa3 20. fxe4 fxe4 21.
Rxe4 Rxh3 22. Rg4 Rh4 23. c5 Rxg4+ 24. Qxg4 Ne5 25. Qg3 Bh4 26. Qh3 Bxf2+ 27.
Kf1 Bxc5+ 28. Ke2 Qf6 0-1

[Event "ENCI Limburg-open C"]
[Site "Maastricht"]
[Date "2009.05.30"]
[Round "3"]
[White "De Mon, Gino"]
[Black "De Vries, Paul"]
[Result "1/2-1/2"]
[WhiteElo "1256"]
[BlackElo "1497"]
[PlyCount "40"]
[EventDate "2009.05.29"]
[EventType "swiss"]
[EventRounds "7"]
[EventCountry "NED"]
[Source "P.Boonen"]
[SourceDate "2010.01.01"]

1. e4 d6 2. d4 Nf6 3. Nc3 g6 4. Bg5 Bg7 5. Qd2 h6 6. Bxf6 Bxf6 7. Rd1 Nd7 8.
Nf3 e5 9. Qe3 exd4 10. Nxd4 Bg7 11. Bc4 Ne5 12. Bb3 O-O 13. Nf3 Nxf3+ 14. Qxf3
Qg5 15. h3 Be6 16. Bxe6 fxe6 17. Qg4 Qf6 18. O-O a6 19. Rde1 Kh7 20. f4 Qd4+
1/2-1/2